Normal view
MARC view
- Douglas, Robert A
Entry Personal Name
001 - CONTROL NUMBER
- control field: 132502
003 - CONTROL NUMBER IDENTIFIER
- control field: NUST
005 - DATE AND TIME OF LATEST TRANSACTION
- control field: 20251219142526.0
008 - FIXED-LENGTH DATA ELEMENTS
- fixed length control field: 251219|| aca||aabn | a|a d
040 ## - CATALOGING SOURCE
- Original cataloging agency: NUST
- Transcribing agency: NUST
100 ## - HEADING--PERSONAL NAME
- Personal name: Douglas, Robert A
670 ## - SOURCE DATA FOUND
- Source citation: Work cat.: (NUST): Douglas, Robert A., LOW-VOLUME ROAD ENGINEERING DESIGN CONSTRUCTION AND MAINTENANCE /, 2017.
